Skip to main content
Your cart is empty.
Your lists
Log in to create your own lists
Your cookies
العربية
English
العربية
Home
Search
Advanced search
Authority search
About
The noble scholar, jurist, historian
His Excellency Dr. Abdul Wahhab bin Ibrahim Abu Sulaiman, may Allah have mercy on him.
He was born in Umm Al-Qura in the year 1356 AH.
Library catalog
Title
Author
Subject
ISBN
ISSN
Series
Call number
Log in to your account
×
Login:
Password:
Home
MARC view: أغاني الأغاني :
Normal view
MARC view
ISBD view
أغاني الأغاني : (Record no. 9179)
[
view plain
]
MARC details
000 -LEADER
fixed length control field
04698cam a22003011i 4500
003 - CONTROL NUMBER IDENTIFIER
control field
SA-RiAUC
005 - DATE AND TIME OF LATEST TRANSACTION
control field
20250625152025.0
008 - FIXED-LENGTH DATA ELEMENTS--GENERAL INFORMATION
fixed length control field
250426s1975 le g 00000 ara c
040 ## - CATALOGING SOURCE
Original cataloging agency
SA-RiAUC
Language of cataloging
ara
Transcribing agency
SA-RiAUC
Modifying agency
KAC
Description conventions
rda
082 04 - DEWEY DECIMAL CLASSIFICATION NUMBER
Classification number
810.95
Assigning agency
SA-RiAUC
090 ## - LOCALLY ASSIGNED LC-TYPE CALL NUMBER (OCLC); LOCAL CALL NUMBER (RLIN)
Classification number (OCLC) (R) ; Classification number, CALL (RLIN) (NR)
810.95
Local cutter number (OCLC) ; Book number/undivided call number, CALL (RLIN)
ا ب و ف
100 1# - MAIN ENTRY--PERSONAL NAME
Personal name
أبو الفرج الأصبهاني، علي بن الحسين بن محمد،
Dates associated with a name
284-356 هجري
Relator term
مؤلف.
245 10 - TITLE STATEMENT
Title
أغاني الأغاني :
Remainder of title
مختصر أغاني الأصفهاني /
Statement of responsibility, etc.
تخيرها وجمعها الخوري يوسف عون ؛ صحح شرح الحواشي عبد الله العلايلي.
246 30 - VARYING FORM OF TITLE
Title proper/short title
مختصر أغاني الأصفهاني
264 #1 - PRODUCTION, PUBLICATION, DISTRIBUTION, MANUFACTURE, AND COPYRIGHT NOTICE
Place of production, publication, distribution, manufacture
بيروت :
Name of producer, publisher, distributor, manufacturer
مؤسسة بدران للطباعة والنشر،
Date of production, publication, distribution, manufacture, or copyright notice
1975
300 ## - PHYSICAL DESCRIPTION
Extent
687 صفحة ؛
Dimensions
30 سم
336 ## - CONTENT TYPE
Content type term
نص
Content type code
txt
Source
rdacontent
Materials specified
كتاب
337 ## - MEDIA TYPE
Media type term
بدون وسيط
Media type code
n
Source
rdamedia
338 ## - CARRIER TYPE
Carrier type term
مجلد
Carrier type code
nc
Source
rdacarrier
504 ## - BIBLIOGRAPHY, ETC. NOTE
Bibliography, etc. note
يشتمل على إرجاعات ببليوجرافية.
520 ## - SUMMARY, ETC.
Summary, etc.
كتاب "الأغاني"، هذه الدرة الغالية في لغة العربية، هو مرجع يرتجى ومتعة تشتهى. فيه التاريخ والقصة والسيرة والعبرة والطرفة والملحة والشعر والنثر واللغة، كل هذا بعبارة فصيحة تحبب إلينا صفاء لغة القرآن وتشدنا إلى استشفافها وتذوقها. ولكن "الأغاني"، وهو مجموعة ثلاثة وعشرين مجلدا، أصبح اليوم كتاب خزانة لا كتاب مطالعة لضيق وقت الأكثرين عن الانصراف إليه، ناهيك بما حوى من قصص وحوادث تخطاها الزمن فتفهت، ومن أحاديث تكررت أحيانا فثقلت، ومن عبارات فحشت فسمجت حتى لنربأ بابنتنا أو أختنا الطالبة عن الوقوع عليها وقد كتبت في عصر لم يكن للمرأة نصيب في القراءة والمطالعة، ومن أسانيد من مثل: "حدثنا فلان عن فلان عن فلان عن أخيه عن أبيه عن جده…" الخ. وهذه لو جمعت لما اتسعت لها مجلدات ثلاثة. ولما كان ثمن هذه المجموعة حفنة، والذين يسخون به قلة، والذين يقرأونها إن سخوا ندرة، ولما كان طلابنا، أبناؤنا وبناتنا، الجامعيون ودونهم، أصبحوا في جوع شديد في اللغة الأصيلة والتعبير الفصيح. ولما كان وقت هؤلاء بالغا في القصر لكثرة المواد الملقاة على عاتقهم حتى لم يبق لهم متسع ليطالعوا المطولات، هذا إذا استطاعوها شراء، كل هذا دفع الخوري يوسف عون لاختصار المجلدات الثلاثة والعشرين بمجلد واحد ضم ما يشتهى ضمه وأهمل ما لا يؤسف عليه. كتاب "أغاني الأغاني" واسمه يدل عليه، وهو أبو الفرج الأصفهاني يبعث حيا بعد ألف سنة ونيف، ولكن بحلة جديدة وثوب قشيب. فأهل الأسانيد والقصص التافهة، والشعر الغث، والتراجم المملة غير المجدية، والبذاءات الفاحشة، وأبقى على التاريخ المفيد، والقصة الطريفة، والملحة الماتعة، والشعر الشرود، النثر السهل الممتنع من التراجم المشوقة البناءة. وقد حافظ على ترتيب الأجزاء حسب ورودها، على أنه جمع في ترجمة كل شاعر ما وجده شتاتا في عدة أجزاء مع الإشارة إلى الجزء والصفحة، مع بعض تصرف في التريب تقديما أو تأخيرا مراعاة أحيانا لأسبقية الزمن. وقد جعل تحت كل تعبير فصيح خطا ليلفت القارئ والطالب خصيصا إلى هذا التعبير ليعيه ويختزنه لأوان الكتابة أو الخطابة.
650 #7 - SUBJECT ADDED ENTRY--TOPICAL TERM
Topical term or geographic name entry element
الأدب العربي
Chronological subdivision
العصر العباسي
Form subdivision
مجموعات
Source of heading or term
aucsh
700 1# - ADDED ENTRY--PERSONAL NAME
Personal name
عون، يوسف،
Titles and other words associated with a name
الخوري،
Dates associated with a name
1911-1987
Relator term
جامع.
700 1# - ADDED ENTRY--PERSONAL NAME
Personal name
العلايلي، عبد الله بن عثمان،
Titles and other words associated with a name
الشيخ الأحمر،
Dates associated with a name
1914-1996
Relator term
مصحح.
700 12 - ADDED ENTRY--PERSONAL NAME
Relationship information
مختصر لـ (عمل) :
Personal name
أبو الفرج الأصبهاني، علي بن الحسين بن محمد،
Dates associated with a name
284-356 هجري
Title of a work
الأغاني.
942 ## - ADDED ENTRY ELEMENTS (KOHA)
Source of classification or shelving scheme
Dewey Decimal Classification
Koha item type
Books
Suppress in OPAC
No
949 ## - LOCAL PROCESSING INFORMATION (OCLC)
a
SA-JeALM
d
250426
u
mohamedma123
n
1
Holdings
Withdrawn status
Lost status
Source of classification or shelving scheme
Damaged status
Not for loan
Home library
Current library
Date acquired
Total checkouts
Full call number
Barcode
Date last seen
Price effective from
Koha item type
Dewey Decimal Classification
DR AbdElwahab Library
DR AbdElwahab Library
06/25/2025
810.95 ا ب و ف
000015281
06/25/2025
06/25/2025
Books
Place hold
Print
Add to your cart
(remove)
Save record
BIBTEX
Dublin Core
MARCXML
MARC (non-Unicode/MARC-8)
MARC (Unicode/UTF-8)
MARC (Unicode/UTF-8, Standard)
MODS (XML)
RIS
ISBD
More searches
Search for this title in:
Other Libraries (WorldCat)
Other Databases (Google Scholar)
Online Stores (Bookfinder.com)
Open Library (openlibrary.org)
Exporting to Dublin Core...
×
Simple DC-RDF
OAI-DC
SRW-DC